01776nam a22001697a 4500003000900000005001700009008004100026040001300067100005000080245005600130250000600186260004100192300001800233490002400251500010600275520122500381IT-RoPau20220918175936.0121128b xxu||||| |||| 00| 0 eng d cIT-RoPau aAlberione GiacomoqFondatore Famiglia Paolina aI Novissimi meditatibinnanzi a Gesù Eucaristico  a1 aLido di Ostia - Roma bPia SSPc1964 a329 p.c17 cm aEdizioni paolinev1 aI Novissimi sono per l' uomo verità sempre nuove, stimoli potenti, considerazioni che santificano.  a INDICE Prefazione LA MORTE I - Che cosa sia la morte II - Gesu Modello dei moribondi III - Come prepararsi alla morte IV - Come usare i mezzi di comunicazione sociale V - I distacchi che la morte apporta VI - Mezzi per prepararsi alla morte IL GIUDIZIO PARTICOLARE VII - La presentazione dell' anima VIII - L' esame di coscienza IX - La sentenza dell' anima IL PURGATORIO X - Che cosa sia il Purgatorio XI - Le pene del Purgatorio XII - Doveri verso le anime del Purgatorio IL PARADISO XIII - Che cosa sia il Paradiso XIV - Il Paradiso è gloria XV - In Paradiso contempleremo Dio, sommo vero XVI - In Paradiso contempleremo Dio, Sommo bene XVII - Il Paradiso è gaudio XVIII - La gloria dei Beati XIX - La beata eternità INFERNO XX - L' Inferno XXI - Inferno : pena del senso XXII - Inferno : pena del danno IL GIUDIZIO UNIVERSALE XXIII - Il Giudizio universale XXIV - Fini del Giudizio Conclusione